| 000 | 00384nam a22001697a 4500 | ||
|---|---|---|---|
| 005 | 20180801162602.0 | ||
| 008 | 160618b xxu||||| |||| 00| 0 eng d | ||
| 020 | _a0333-92909-6 | ||
| 041 | _aeng | ||
| 082 |
_b8107 _a658.3 |
||
| 100 |
_aMonappa, Arun _94689 |
||
| 245 | _aManaging Human Resource | ||
| 260 | _c1995 | ||
| 300 | _a283p, | ||
| 650 |
_aManagement _9241 |
||
| 942 | _cBK | ||
| 999 |
_c3074 _d3073 |
||